000 00674nam a2200229 a 4500
001 69256
003 BD-RjUL
005 20211209081851.0
008 170410s1970 caua b 001 0 eng
035 _a(BD-RjUL)69467
040 _aDLC
_cDLC
_dOCL
_dMYG
_dBD-RjUL
_beng
041 _aeng
082 _223
_a576.549
_bDRM 1970
100 1 _aDrake, John W.,
_d1932-
_9205184
245 1 4 _aThe molecular basis of mutation /
_c John W. Drake.
260 _aSan Francisco :
_bHolden-Day,
_c1970
300 _a273 p. :
_bill .;
_c24 cm.
504 _aBibliography; p. [219]-258.
650 0 _aMutation (Biology)
_9202570
650 0 _aMicrobial genetics.
_9204315
942 _2ddc
_cBK
999 _c69256
_d69256